000 01333nam a2200397 i 4500
001 2619
003 KOSZ 005
005 20201124105141.0
008 981103s1985 pl a f f |000 0 pol
015 _aPB 1986/1729
040 _aWA N
_cWA N
_dKOSZ 005/HR
041 0 _apol
046 _k1985
080 _a628.2
080 _a(075.8)
245 0 0 _aKanalizacja :
_bmateriały do projektowania /
_cMarian Kwietniewski [et al.].
260 _aWarszawa :
_bWydawnictwa Politechniki Warszawskiej,
_c1985.
300 _a161 s., [11] k. tabl. :
_brys., wykr. ;
_c24 cm.
336 _2rdacontet
_aTekst
_btxt
337 _2rdamedia
_aBez urządzenia pośredniczącego
_bn
338 _2rdacarrier
_3Wolumin
_anc
380 _aKsiążki
380 _aPublikacje dydaktyczne
385 _mPoziom nauczania
_aSzkoły wyższe
388 _a1901-2000
388 _a1945-1989
504 _aBibliogr. s. 159-161.
650 4 _aKanalizacja
650 4 _aProjektowanie
655 4 _aPodręczniki akademickie
658 _aArchitektura i budownictwo
700 1 _aKwietniewski, Marian
_d(1951- )
_eAutor
710 2 _aWydawnictwa Politechniki Warszawskiej
_4pbl.
856 _uhttp://koha.tu.koszalin.pl/cgi-bin/koha/opac-detail.pl?biblionumber=2619
_yKatalog online BPK
942 _2UKD
_cKS
999 _c2619
_d2619